Holly (Record no. 22227)
[ view plain ]
| 000 -LEADER | |
|---|---|
| fixed length control field | 01313nam a2200373 a 4500 |
| 001 - CONTROL NUMBER | |
| control field | 22227 |
| 003 - CONTROL NUMBER IDENTIFIER | |
| control field | VRT |
| 005 - DATE AND TIME OF LATEST TRANSACTION | |
| control field | 20260323135106.0 |
| 008 - FIXED-LENGTH DATA ELEMENTS--GENERAL INFORMATION | |
| fixed length control field | 240318s2005 xo g 000 f slo |
| 015 ## - NATIONAL BIBLIOGRAPHY NUMBER | |
| National bibliography number | SNBA2006/01-00590 |
| 020 ## - INTERNATIONAL STANDARD BOOK NUMBER | |
| International Standard Book Number | 8055110697 |
| Qualifying information | (brož.) |
| 035 ## - SYSTEM CONTROL NUMBER | |
| System control number | 09202900-9176-4269-9CFF-F5565EBA0B9C |
| 035 ## - SYSTEM CONTROL NUMBER | |
| System control number | urn:nbn:sk:snk-amje1v |
| 035 ## - SYSTEM CONTROL NUMBER | |
| System control number | urn:nbn:sk:snk-am000xov |
| 039 #9 - LEVEL OF BIBLIOGRAPHIC CONTROL AND CODING DETAIL [OBSOLETE] | |
| Level of rules in bibliographic description | 202403181339 |
| Level of effort used to assign nonsubject heading access points | VLOAD |
| Level of effort used to assign subject headings | 202401161303 |
| Level of effort used to assign classification | AUTHORITY |
| Level of effort used to assign subject headings | 201508271309 |
| Level of effort used to assign classification | VLOAD |
| Level of effort used to assign subject headings | 201508270937 |
| Level of effort used to assign classification | VLOAD |
| 040 ## - CATALOGING SOURCE | |
| Original cataloging agency | SNK |
| Language of cataloging | slo |
| Transcribing agency | SNK |
| 041 1# - LANGUAGE CODE | |
| Language code of text/sound track or separate title | slo |
| Language code of original | eng |
| 044 ## - COUNTRY OF PUBLISHING/PRODUCING ENTITY CODE | |
| MARC country code | xo |
| ISO country code | SK |
| 072 #7 - SUBJECT CATEGORY CODE | |
| Subject category code | 821.111(73)-3 |
| Subject category code subdivision | Americká próza |
| 080 ## - UNIVERSAL DECIMAL CLASSIFICATION NUMBER | |
| Universal Decimal Classification number | 821.111(73)-31 |
| Edition identifier | 1997 |
| 100 1# - MAIN ENTRY--PERSONAL NAME | |
| Personal name | Deveraux, Jude, |
| Dates associated with a name | 1947- |
| Relationship | aut |
| 240 10 - UNIFORM TITLE | |
| Uniform title | Holly |
| Language of a work | Slovensky |
| 245 10 - TITLE STATEMENT | |
| Title | Holly |
| Statement of responsibility, etc. | Jude Deverauxová; [z anglického originálu preložila Lucia Nižníková-Kollárová] |
| 250 ## - EDITION STATEMENT | |
| Edition statement | [1. vyd.] |
| 260 ## - PUBLICATION, DISTRIBUTION, ETC. | |
| Place of publication, distribution, etc. | Bratislava |
| Name of publisher, distributor, etc. | Ikar |
| Date of publication, distribution, etc. | 2005 |
| 300 ## - PHYSICAL DESCRIPTION | |
| Extent | 219 s. |
| Dimensions | 18 cm |
| 655 #7 - INDEX TERM--GENRE/FORM | |
| Genre/form data or focus term | americké romány |
| Source of term | SNKPH |
| 700 1# - ADDED ENTRY--PERSONAL NAME | |
| Personal name | Nižníková-Kollárová, Lucia, |
| Dates associated with a name | 1976- |
| Relationship | trl |
| 942 ## - ADDED ENTRY ELEMENTS (KOHA) | |
| Source of classification or shelving scheme | Dewey Decimal Classification |
| Koha item type | Krásna literatúra pre dospelých |
| Suppress in OPAC | No |
| 949 ## - LOCAL PROCESSING INFORMATION (OCLC) | |
| 6 | 17A0485808 |
| a | snkSD 75157 |
| b | snk2005/17132 |
| o | 1876/05 |
| 949 ## - LOCAL PROCESSING INFORMATION (OCLC) | |
| 6 | 2889084820 |
| a | savukPV 8661 |
| b | savuk2006/458 |
| 949 ## - LOCAL PROCESSING INFORMATION (OCLC) | |
| 6 | 17A0499557 |
| a | snkSD 75157 D1 |
| b | snk2006/4863 |
| o | 1876/05 |
| s | 6100:20140925 |
| 949 ## - LOCAL PROCESSING INFORMATION (OCLC) | |
| 6 | 273K0493290 |
| 9 | 1 |
| a | svkpoA 191966 |
| b | svkpo479442 |
| Stav vyradenia | Strata | Poškodenie | Spôsob nadobudnutia | Domovská knižnica | Aktuálna knižnica | Dátum nadobudnutia | Total checkouts | Čiarový kód exemplára | Date last seen | Typ exemplára |
|---|---|---|---|---|---|---|---|---|---|---|
| Dar | Obecná knižnica Horná Štubňa | Obecná knižnica Horná Štubňa | 23.03.2026 | 9788055110691 | 23.03.2026 | Krásna literatúra pre dospelých |
